University Home | Library Home | Institutional Repository

Theoretical mechanics : (Record no. 131790)

MARC details
000 -LEADER
fixed length control field 00583cam0a220019300 4500
001 - CONTROL NUMBER
control field tmp15938065
003 - CONTROL NUMBER IDENTIFIER
control field UPRA
005 - DATE AND TIME OF LATEST TRANSACTION
control field 20190822110106.0
008 - FIXED-LENGTH DATA ELEMENTS--GENERAL INFORMATION
fixed length control field 951114s1976 xx eng u
035 ## - SYSTEM CONTROL NUMBER
System control number (Sirsi) r50325
035 ## - SYSTEM CONTROL NUMBER
System control number (UPRA)tmp15938065
040 ## - CATALOGING SOURCE
Transcribing agency UPRA
100 1# - MAIN ENTRY--PERSONAL NAME
Personal name Targ, S. (Semen Mikhailovich)
Fuller form of name Targ, S. (Semen Mikhailovich)
Linkage A8310.1
245 10 - TITLE STATEMENT
Title Theoretical mechanics :
Remainder of title a short course.
260 ## - PUBLICATION, DISTRIBUTION, ETC.
Date of publication, distribution, etc. 1976.
949 ## - LOCAL PROCESSING INFORMATION (OCLC)
a QA805
w lcc
i -63364
m MAIN
p 2500
t BOOK
l ON-SHELF
949 ## - LOCAL PROCESSING INFORMATION (OCLC)
a QA805
w lcc
i 33729001844955
m MAIN
p 2500
t BOOK
l ON-SHELF

No items available.

© 2026 - The University of Zambia Library - Koha v25.11